01427nam a2200325Ia 450000500170000000800410001702000180005808200160007610000240009224501320011625000710024830000250031949000290034453400580037365000330043165000320046465000390049665000300053565000350056570000380060094200120063826400500065033600270070033700330072733800280076004000350078899900150082395201330083895201300097120220317001402.0161108s2008 mx g 000 0 spa  a978968167669804a028.5bP17d1 aPatte, Geneviáeve10aDéjenlos leer blos niños y las bibliotecascGeneviáeve Patte ; traducción Rafael Segovia ; edición Miriam Martínez aSegunda edición corregida y actualizada., segunda reimpresión  a312 páginasc21 cm aEspacios para la lectura tLaissez-les lire! les enfants et les bibliotháeques142LEMBaPromoción de lectura142LEMBaBibliotecas escolares142LEMBaLibro y lectura para niños142LEMB aLectura recreativa142LEMB aBibliotecas y comunidad1 aSegovia, Rafaeletraductor963847 2ddccBK aMéxico bFondo de Cultura Económicac2008 atextobtxt2rdacontent asin mediaciónbn2rdamedia avolumenbnc2rdacarrier aCO-BoRNBPbspaerdacCO-BoRNBP c6812d6812 00102ddc40708GENaMECASARIbMECASARIcGENd2024-11-10l0o028.5 - P17DpBM0001034r2024-11-10 18:36:11tEj.1w2024-11-10yBK 00102ddc40708GENaMELAJULIbMELAJULIcGENd2025-10-07l0o028.5 P17dpJUL00043r2025-10-07 20:48:36tEj.1w2025-10-07yBK